LIBRARY ONLINE CATALOGUE

Boost your employability /by (Record no. 20559)

MARC details
000 -LEADER
fixed length control field 00366nam a22001337a 4500
008 - FIXED-LENGTH DATA ELEMENTS--GENERAL INFORMATION
fixed length control field 250117b |||||||| |||| 00| 0 eng d
020 ## - INTERNATIONAL STANDARD BOOK NUMBER
International Standard Book Number 9781529745009
050 ## - LIBRARY OF CONGRESS CALL NUMBER
Classification number HF5381
Item number .B43
100 ## - MAIN ENTRY--PERSONAL NAME
Personal name Becker, Felicity
245 ## - TITLE STATEMENT
Title Boost your employability /by
Statement of responsibility, etc. Felicity Becker
260 ## - PUBLICATION, DISTRIBUTION, ETC. (IMPRINT)
Place of publication, distribution, etc. London
Name of publisher, distributor, etc. Sage Publications Ltd
Date of publication, distribution, etc. 2021
300 ## - PHYSICAL DESCRIPTION
Extent 131p.
Other physical details ill.
942 ## - ADDED ENTRY ELEMENTS (KOHA)
Source of classification or shelving scheme Library of Congress Classification
Koha item type General Collection
Holdings
Withdrawn status Lost status Source of classification or shelving scheme Not for loan Home library Current library Date acquired Cost, normal purchase price Inventory number Total Checkouts Full call number Barcode Date last seen Copy number Price effective from Koha item type
    Library of Congress Classification   Kabarak, Nairobi City Campus Kabarak, Nairobi City Campus 17/01/2025 1155.00 2025/0843   HF5381 .B43 2021 C.1 33613 17/01/2025 C.1 17/01/2025 General Collection
    Library of Congress Classification   Kabarak, Nairobi City Campus Kabarak, Nairobi City Campus 17/01/2025 1155.00 2025/0844   HF5381 .B43 2021 C.2 33614 17/01/2025 C.2 17/01/2025 General Collection